| 000 | 00621nam a2200181 i 4500 | ||
|---|---|---|---|
| 001 | 8860 | ||
| 003 | ES-MaACL | ||
| 005 | 20230906145541.0 | ||
| 008 | 131113s1974 sp ||||1| spa d | ||
| 020 | _a84-239-4922-2 | ||
| 080 | _a929 Madariaga, Salvador de | ||
| 100 | 1 |
_aMadariaga, Salvador de, _d1886-1978 _975292 |
|
| 245 | 1 | 0 |
_aMemorias (1921-1936) _b: amanecer sin mediodía / _cSalvador de Madariaga. |
| 260 |
_aMadrid : _bEspasa Calpe, _c1974. |
||
| 300 |
_a739 p. : _bil. ; _c22 cm. |
||
| 852 |
_aES-MaACL _jE-3529 _z.- Donat. herederos de la bibl. de Mª del Pilar Costa Palacín |
||
| 999 |
_c8860 _d8860 |
||